000
00216 a2200097 4500
001
28347
100
_a
Sobel, H S
245
_a
Introdction to Digital Computer Design
260
_a
_b
Wesley
_c
090
_c
18956
_d
18956
942
_a
NUST-CAE
_c
M
_c
9953
999
_c
263420
_d
263420